| 000 | 00000nam##2200000za#4500 |
| 001 | 9.567089 |
| 003 | CaOODSP |
| 005 | 20240527135426 |
| 007 | cr ||||||||||| |
| 008 | 150406|2013||||xxc|||||o f|0| 0 eng|d |
| 020 | |a978-1-100-15282-0 |
| 040 | |aCaOODSP|beng |
| 043 | |an-cn--- |
| 086 | 1 |aCW69-5/505E-PDF |
| 110 | 2 |aCanadian Wildlife Service. |
| 245 | 10|aShorebird migration surveys of Alberta – Saskatchewan border lakes and the north-central lakes of Saskatchewan, 1995-1998 / |h[electronic resource]|c[by] Gerard W. Beyersbergen. |
| 260 | |aEdmonton - Alberta : |bEnvironment Canada. |cc2013. |
| 300 | |a132p.|bcoloured maps, figs., references, tables |
| 490 | 1 |aCanadian Wildlife Service, technical report series|v505 |
| 546 | |a(Résumés en français.) |
| 590 | |a15-01-Supp|b2015-01-26 |
| 775 | 08|tRelevés d'oiseaux de rivage des lacs situés proches de la frontière Alberta - Saskatchewan et des lacs du centre-nord de la Saskatchewan, 1995-1998 / |w(CaOODSP)9.598453 |
| 830 | #0|aTechnical report series (Canadian Wildlife Service)|v505|w(CaOODSP)9.504438 |
| 856 | 40|ahttp://publications.gc.ca|qPDF|s6.63 MB|uhttps://publications.gc.ca/collections/collection_2015/ec/CW69-5-505-eng.pdf|y505 |